[Event "HCL-B152"]
[Site "www.playchess.de"]
[Date "2001.02.17"]
[Round "4"]
[White "Tinho"]
[Black "Morpheus"]
[WhiteElo "1200"]
[BlackElo "1328"]
[PlyCount "43"]
[Result "1-0"]

1.e4 c5 2.Nf3 Nc6 3.d4 cxd4 4.Nxd4 Nf6 5.Nc3 e5 
6.Ndb5 d6 7.Bg5 a6 8.Na3 b5 9.Nd5 Be7 10.Bxf6 Bxf6 
11.c3 O-O 12.Nc2 Bb7 13.a4 Na7 14.Be2 Bc6 15.Ncb4 
Bxd5 16.Nxd5 Bh4 17.O-O f5 18.exf5 Rxf5 19.axb5 
Nxb5 20.Bxb5 axb5 21.Ne7+ Bxe7 
22.Qd5+ 1-0

[Event "HCL-B162"]
[Site "www.playchess.de"]
[Date "2001.02.17"]
[Round "4"]
[White "orange"]
[Black "Gruhni"]
[WhiteElo "1029"]
[BlackElo "1412"]
[PlyCount "43"]
[Result "1/2-1/2"]

1.e4 {hello}  e5 {Hello and thank you for the 
guestbook entry on my homepage!}  2.Nf3 {is it 
about old rally cars? i used to own a bmw 2002 for 
10 years.}  Nc6 {It's about a motor sport club. 
One of many activities is rally, but with 'new' 
cars.}  3.Bb5 {does the club favour a particular 
make of car?}  a6 {Opel, BMW, Volkswagen(VW)}  
4.Ba4 {any bmw 2002's?}  b5 {No!}  5.Bb3 {thats a 
shame. maybe there is something else we can talk 
about. or do you like a quiet game?}  d6 {My 
English is not very good, so let's talk not so 
much, or do you speak German? ;)}  6.O-O {ich 
spechen ein bissen  duetch, but now enough to make 
sensible talk.}  Nf6 {Ok, than let's concentrate 
on our game and talk only if it's necessary ;)}  
7.Re1 Be7 8.c3 Be6 9.d4 Bxb3 10.Qxb3 O-O 11.d5 Na5 
12.Qd1 Nc4 13.Qd3 Rc8 14.b3 Nb6 15.c4 b4 16.Bd2 a5 
17.a3 c5 18.Bg5 {i do not have any easy games}  
Nfd7 {Me too!}  19.Bxe7 Qxe7 20.Nbd2 h6 21.axb4 
axb4 22.Ra2 {do you like a draw. there is no claer 
winner?}  1/2-1/2

[Event "HCL-C165"]
[Site "www.playchess.de"]
[Date "2001.02.17"]
[Round "12"]
[White "Elrond"]
[Black "lienk"]
[WhiteElo "1500"]
[BlackElo "1138"]
[PlyCount "35"]
[Result "1-0"]

1.e4 e5 2.Nf3 Nc6 3.Bb5 Nf6 4.O-O Nxe4 5.Bxc6 bxc6 
6.Re1 d5 7.d3 Nd6 8.Nxe5 Be6 9.Nxc6 Qf6 10.Nc3 Kd7 
11.Ne5+ Kc8 12.d4 Nf5 13.Qd3 Nd6 14.Qa6+ Nb7 
15.Nb5 Bd7 16.Nxa7+ Kd8 17.Nac6+ Bxc6 
18.Qxa8+ 1-0

[Event "HCL-A073"]
[Site "www.playchess.de"]
[Date "2001.02.17"]
[Round "8"]
[White "peze"]
[Black "Meho"]
[WhiteElo "1966"]
[BlackElo "1700"]
[PlyCount "43"]
[Result "1-0"]

1.e4 {Hello! Let's have a nice game! Good Luck!}  
c5 {Nice game, I am from Ýstanbul.}  2.Nf3 {I'm 
Peter and come from Wuppertal}  d6 {Please explain 
Wuppertal}  3.d4 {Wuppertal is a town ca. 50 km 
northeast of Köln (360000 peoples)}  cxd4 4.Nxd4 
Nf6 {I am 41 years old, male. How about you?}  
5.Nc3 {I am 54 years old, male.}  Nc6 {Your job? I 
am Elk. engineer}  6.Bg5 {Officer in an industrial 
company.}  e6 7.Qd2 Be7 8.O-O-O Bd7 9.Ndb5 O-O 
10.Nxd6 Bc8 11.Bb5 Qa5 12.Kb1 Bxd6 13.Qxd6 Nxe4 
14.Nxe4 Qxb5 15.Nf6+ gxf6 16.Bh6 Re8 17.Qg3+ Qg5 
18.Bxg5 fxg5 19.Qxg5+ Kf8 20.Rd3 e5 21.Qh6+ {Mate 
in 4 moves!}  Ke7 22.Qd6+ 1-0

[Event "HCL-A073"]
[Site "www.playchess.de"]
[Date "2001.02.17"]
[Round "13"]
[White "oiram"]
[Black "markjburden"]
[WhiteElo "1700"]
[BlackElo "1368"]
[PlyCount "69"]
[Result "1-0"]

1.e4 {good luck}  e5 {good luck}  2.Nf3 f5 3.Nxe5 
Qf6 4.d4 d6 5.Nc4 fxe4 6.Ne3 Nc6 7.Nd5 Qf7 8.c4 
Be6 9.Nxc7+ Qxc7 10.d5 Bxd5 11.Qxd5 Nf6 12.Qd1 
O-O-O 13.Nc3 a6 14.Be2 Be7 15.Bf4 Qb6 16.O-O Rhf8 
17.Nd5 Nxd5 18.cxd5 Nd4 19.Be3 Nxe2+ 20.Qxe2 Qa5 
21.Qg4+ Kb8 22.Qxe4 Bf6 23.Rfd1 Bxb2 24.Rab1 Be5 
25.Rd3 Qxa2 26.Rdb3 b5 27.Qd3 Qa4 28.Ra3 Qxa3 
29.Qxa3 Kb7 30.Qa5 Kc8 31.Rc1+ Kd7 32.Qc7+ Ke8 
33.Bg5 Rf6 34.Qxg7 Rxf2 35.Qe7+ 1-0

[Event "HCL-B168"]
[Site "www.playchess.de"]
[Date "2001.02.17"]
[Round "9"]
[White "pird"]
[Black "ulibear"]
[WhiteElo "1498"]
[BlackElo "1500"]
[PlyCount "53"]
[Result "1/2-1/2"]

1.e4 e6 2.d4 d5 3.Nc3 Bb4 4.a3 Bxc3+ {bdg 
wanted??}  5.bxc3 dxe4 6.f3 {Do you mean this? I'm 
testing it for the 1st time. Normaly I play the 
Milner-Barry gambit.}  c5 7.Qd2 Nc6 8.Bb2 Nf6 
9.O-O-O e3 10.Qxe3 Nd5 {i have plaex the bdg twice 
at our chess club against a devotee}  11.Qe1 Qg5+ 
{separately}  12.Kb1 Qe3 13.Qxe3 Nxe3 14.Re1 Nxf1 
15.Rxf1 c4 16.h4 b5 17.g4 a5 18.Re1 O-O 19.h5 Bb7 
20.Rh3 Rfd8 21.Ne2 Ne7 22.Nf4 Bd5 23.Reh1 f6 {gets 
trickier}  24.Re1 Kf7 25.Re3 h6 26.Rh2 Ra6 
27.Rhe2 1/2-1/2

[Event "HCL-B166"]
[Site "www.playchess.de"]
[Date "2001.02.17"]
[Round "10"]
[White "AD"]
[Black "toilet"]
[WhiteElo "1657"]
[BlackElo "1500"]
[PlyCount "52"]
[Result "0-1"]

1.e4 d6 2.Nc3 Nf6 3.d4 Nbd7 4.Nf3 e5 5.Bg5 Be7 
6.Bxf6 Bxf6 7.d5 a6 8.Be2 b5 9.a3 h6 10.O-O g5 
11.h3 Nc5 12.Nd2 h5 13.g4 hxg4 14.hxg4 Ke7 15.b4 
Nd7 16.a4 Qg8 17.f3 Nf8 18.axb5 Rh3 19.bxa6 Qh7 
20.Kf2 Qh4+ 21.Ke3 Bxg4 22.a7 Bd7 23.b5 g4 24.Bd3 
Bg5+ 25.Ke2 Rh2+ 26.Rf2 Qxf2+ 0-1

[Event "HCL-C174"]
[Site "www.playchess.de"]
[Date "2001.02.17"]
[Round "16"]
[White "WindsorStar"]
[Black "yaroslav"]
[WhiteElo "797"]
[BlackElo "1000"]
[PlyCount "128"]
[Result "0-1"]

1.d4 f5 2.Bf4 Nf6 3.h3 e6 4.f3 h6 5.a3 Bd6 6.Bxd6 
cxd6 7.Qd3 e5 8.dxe5 dxe5 9.g4 e4 10.fxe4 fxe4 
11.Qe3 O-O 12.Bg2 d5 13.g5 hxg5 14.Qxg5 Nc6 15.b3 
Nd4 16.Ra2 Qc7 17.Kf2 Nxc2 18.Qd2 e3+ {ha ha}  
19.Qxe3 Nxe3 {danger to your queen}  20.Kxe3 Re8+ 
21.Kd2 Qb6 22.Nf3 Qe3+ 23.Ke1 Qxe2+ 24.Rxe2 {to 
your queen- bye bye}  Bf5 25.Nbd2 Rac8 26.Kf2 Ne4+ 
27.Nxe4 dxe4 28.Ne1 Rc3 29.Re3 Rxe3 30.Kxe3 Kf7 
31.Nc2 Ke6 32.Rd1 Ke5 33.Nb4 Rc8 34.Rd5+ Ke6 
35.Kf4 g6 36.Re5+ Kf6 37.Nd5+ Kg7 38.Re7+ Kh6 
39.Nf6 Rh8 40.Bf1 e3 41.Rxb7 Be6 42.Rxa7 Bxb3 
43.Kxe3 Rf8 44.Ng4+ Kg5 45.Ra5+ Kh4 46.Nf2 Kg3 
47.Ne4+ Kh2 48.Be2 Kxh3 49.Rh5+ gxh5 {finally you 
made another big mistake after I let you take my 
queen}  50.Ng5+ Kh4 51.Nh7 Re8+ 52.Kd3 Be6 53.Kc3 
Bf5 54.Bb5 Rc8+ 55.Kb4 Bxh7 56.a4 Be4 57.a5 Kg5 
58.a6 h4 59.Bd7 Rc7 60.Ba4 h3 61.Kb5 h2 62.Kb6 Rc1 
63.a7 h1Q {%}  64.Bc6 Rxc6+ 0-1

[Event "HCL-B171"]
[Site "www.playchess.de"]
[Date "2001.02.17"]
[Round "11"]
[White "pird"]
[Black "Westqualmer"]
[WhiteElo "1498"]
[BlackElo "1842"]
[PlyCount "60"]
[Result "0-1"]

1.e4 e6 2.d4 d5 3.Nc3 Nf6 4.e5 Nfd7 5.f4 c5 6.Nf3 
Nc6 7.Be3 cxd4 8.Nxd4 Bc5 9.Qd2 O-O 10.h4 Nxd4 
11.Bxd4 Bxd4 12.Qxd4 a6 13.g4 b5 14.g5 Bb7 15.h5 
Qa5 16.Bd3 b4 17.Ne2 Nc5 18.g6 fxg6 19.hxg6 h6 
20.O-O-O Bc6 21.Rh4 Rfc8 22.Ng3 b3 23.axb3 Nxb3+ 
24.cxb3 Ba4+ 25.Bc2 Bxb3 26.Rh2 Qa1+ 27.Kd2 Rxc2+ 
28.Ke3 Qa5 29.Rxc2 Bxc2 30.Rd2 
Bxg6 0-1

[Event "HCL-B171"]
[Site "www.playchess.de"]
[Date "2001.02.17"]
[Round "16"]
[White "Franky"]
[Black "pird"]
[WhiteElo "1901"]
[BlackElo "1498"]
[PlyCount "55"]
[Result "1-0"]

1.e4 c6 2.d4 d5 3.Nd2 dxe4 4.Nxe4 Bf5 5.Ng3 Bg6 
6.h4 h6 7.Nf3 Nd7 8.h5 Bh7 9.Bd3 Bxd3 10.Qxd3 Qc7 
11.Bd2 Ngf6 12.O-O-O e6 13.Ne4 Nxe4 14.Qxe4 Nf6 
15.Qe2 Bd6 16.Ne5 O-O 17.g4 c5 18.g5 hxg5 19.Bxg5 
Nh7 20.Bh4 cxd4 21.Bg3 f6 22.Nf3 Bxg3 23.Qxe6+ Kh8 
24.fxg3 Qxg3 25.h6 gxh6 26.Qf5 Rad8 27.Rxh6 Qd6 
28.Rxh7+ {Thanks, for the game and your tutorial 
as well. That's very kind of you. I also play at: 
http://www.}  1-0

[Event "HCL-A075"]
[Site "www.playchess.de"]
[Date "2001.02.17"]
[Round "6"]
[White "Guano"]
[Black "malkawi2000"]
[WhiteElo "1700"]
[BlackElo "1700"]
[PlyCount "21"]
[Result "1/2-1/2"]

1.e4 {goodluck... 15  male from Belgium here}  e5 
2.Nf3 Nf6 3.Nxe5 {from what country are you 
accualy?}  Nc6 4.Nxc6 dxc6 5.Nc3 Bc5 6.h3 Be6 7.d3 
h6 8.Be2 Qd6 9.O-O Bxh3 10.gxh3 Qg3+ 
11.Kh1 1/2-1/2

[Event "HCL-A075"]
[Site "www.playchess.de"]
[Date "2001.02.17"]
[Round "14"]
[White "Gorodish"]
[Black "malkawi2000"]
[WhiteElo "1699"]
[BlackElo "1700"]
[PlyCount "34"]
[Result "1/2-1/2"]

1.d4 Nf6 2.c4 e6 3.Nf3 Bb4+ 4.Bd2 Bxd2+ 5.Nbxd2 d5 
6.e3 O-O 7.Qc2 c6 8.Bd3 Na6 9.a3 b6 10.Qa4 Nb8 
11.Ne5 Bb7 12.Qc2 Nbd7 13.Ndf3 c5 14.Nxd7 Qxd7 
15.dxc5 dxc4 16.Qxc4 Bxf3 17.gxf3 
bxc5 1/2-1/2

[Event "ACL-M004"]
[Site "www.playchess.de"]
[Date "2001.02.17"]
[Round "3"]
[White "rht341"]
[Black "peze"]
[WhiteElo "2098"]
[BlackElo "1908"]
[PlyCount "31"]
[Result "1-0"]

1.e4 {Hello again! :)}  e5 {Hello! I have new 
hopes... :-))}  2.Nf3 {Here's to a good game!}  
Nf6 3.Nxe5 d6 4.Nf3 Nxe4 5.d4 d5 6.Bd3 Bd6 7.O-O 
O-O 8.c4 c6 9.cxd5 cxd5 10.Nc3 Nxc3 11.bxc3 Nc6 
12.Ng5 h6 13.Qh5 Qc7 14.Nh7 Rd8 15.Bxh6 gxh6 
16.Qxh6 1-0

[Event "HCL-C184"]
[Site "www.playchess.de"]
[Date "2001.02.17"]
[Round "12"]
[White "ChessHammer"]
[Black "flywheel"]
[WhiteElo "1071"]
[BlackElo "1243"]
[PlyCount "27"]
[Result "1-0"]

1.e4 e5 2.Nf3 Nc6 3.Bc4 Nf6 4.Ng5 d5 5.exd5 Nxd5 
6.Nxf7 Kxf7 7.Qf3+ Ke6 8.Nc3 Ncb4 9.d4 Nxc2+ 
10.Kd1 Nxa1 11.Bxd5+ Kd7 12.Qf5+ Kd6 13.Qxe5+ Kd7 
14.Qe6+ 1-0

[Event "ACL-A096"]
[Site "www.playchess.de"]
[Date "2001.02.17"]
[Round "6"]
[White "celle"]
[Black "Stef"]
[WhiteElo "1500"]
[BlackElo "1500"]
[PlyCount "31"]
[Result "1-0"]

1.e4 e5 2.Nf3 Nf6 3.Nxe5 d6 4.Nf3 Nxe4 5.d4 c5 
6.d5 Bg4 7.Bb5+ Ke7 8.Qe2 f5 9.Bg5+ Kf7 10.Bxd8 
Bxf3 11.gxf3 Nf6 12.Qe6+ Kg6 13.Be8+ Kg5 14.Rg1+ 
Kh6 15.Bxf6 gxf6 16.Qxf6+ 1-0

[Event "HCL-B164"]
[Site "www.playchess.de"]
[Date "2001.02.17"]
[Round "16"]
[White "MP"]
[Black "pird"]
[WhiteElo "1566"]
[BlackElo "1487"]
[PlyCount "32"]
[Result "1/2-1/2"]

1.d4 f5 2.Nf3 Nf6 3.e3 g6 4.Be2 Bg7 5.O-O O-O 6.c4 
d6 7.Nc3 Qe8 8.Qc2 e5 9.dxe5 dxe5 10.e4 f4 11.b3 
Nc6 12.Bb2 Bg4 13.h3 Bxf3 14.Bxf3 Nd4 15.Qc1 Nxf3+ 
16.gxf3 c6 1/2-1/2

[Event "HCL-B180"]
[Site "www.playchess.de"]
[Date "2001.02.17"]
[Round "4"]
[White "pird"]
[Black "deadeasy"]
[WhiteElo "1487"]
[BlackElo "1500"]
[PlyCount "34"]
[Result "0-1"]

1.e4 Nc6 {hi i am playing from london. this is my 
first event}  2.Nc3 {hi i am playing from Ghent.}  
e5 3.f4 exf4 4.Nf3 g5 5.d4 g4 6.Bc4 gxf3 7.O-O 
Nxd4 8.Bxf4 Bc5 9.Kh1 d6 10.Be3 Qf6 11.Nd5 fxg2+ 
12.Kxg2 Qg6+ 13.Kf2 Qxe4 14.Nxc7+ Kd8 15.Nxa8 Nf6 
16.Rg1 Qf5+ 17.Ke1 Nxc2+ 0-1

[Event "HCL-B180"]
[Site "www.playchess.de"]
[Date "2001.02.17"]
[Round "5"]
[White "deadeasy"]
[Black "dakini"]
[WhiteElo "1500"]
[BlackElo "1376"]
[PlyCount "27"]
[Result "1-0"]

1.d4 Nf6 2.Nc3 {hi, i am playing from london, my 
first game on here}  d5 {Hi I´m playing from 
Ahnatal near Kassel ( documenta, you know?)  
:-)game}  3.e4 {i do not know kassel. i lived near 
Huckelhoven for 3 years in 70`s}  dxe4 {It´s right 
in the middle of germany. Good for triathlon 
sports}  4.f3 {i am afraid i am at an age where 
triathlon means, going to the pub, watching 
football, driving home}  exf3 {You can do this 
from 17 to 70 and more as well ... ;-))}  5.Nxf3 
{i used to take running seriously but i swim like 
a brick}  Bg4 6.h3 Bh5 7.g4 Bg6 8.Ne5 Nc6 9.Bb5 a6 
10.Bxc6+ bxc6 11.Qf3 Qxd4 12.Qxc6+ Qd7 
{congratulations! A very fine move. Hope for 
revenge some day}  13.Nxd7 {i am new to site but i 
like the feel of it. 2 results & i can enter 
another event.we will meet again}  Rd8 {Another 
few moves ... because I´m new in chess and wnat to 
learn from mistakes. Thanks (or Thanx?)}  14.Nxf6+ 
{its unusual ;-)}  1-0

[Event "HCL-B164"]
[Site "www.playchess.de"]
[Date "2001.02.17"]
[Round "29"]
[White "Bill"]
[Black "pird"]
[WhiteElo "1038"]
[BlackElo "1487"]
[PlyCount "59"]
[Result "1-0"]

1.e4 c6 2.d4 d5 3.Nc3 dxe4 4.Nxe4 Bf5 5.Ng3 Bg6 
6.h4 h6 7.h5 Bh7 8.Nf3 Nd7 9.Bd3 Bxd3 10.Qxd3 Qc7 
11.Bd2 Ngf6 12.O-O-O e6 13.Ne4 {I'll be away Feb 
19 -23}  Nxe4 {Thanks for notifying}  14.Qxe4 Nf6 
15.Qe3 Bd6 16.Rde1 O-O-O 17.Ne5 Bxe5 18.dxe5 Nd5 
19.Qxa7 Ne7 20.Ba5 b6 21.Qxb6 Qxb6 22.Bxb6 Rd5 
23.c4 Rd7 24.Red1 Rxd1+ 25.Rxd1 Nf5 26.g4 Nh4 
27.Rd3 Kb7 28.Bc5 Ra8 29.Kb1 Ng2 
30.Rd7+ 1-0

[Event "HCL-B164"]
[Site "www.playchess.de"]
[Date "2001.02.17"]
[Round "33"]
[White "Bill"]
[Black "Killer"]
[WhiteElo "1038"]
[BlackElo "1500"]
[PlyCount "26"]
[Result "1/2-1/2"]

1.e4 c5 2.Nf3 Nc6 3.Bb5 e6 4.Nc3 Nge7 5.O-O Qb6 
6.d3 a6 7.Ba4 {I'll be away from Feb 19 - 23}  d5 
8.Re1 d4 9.Ne2 Bd7 10.c3 e5 11.cxd4 cxd4 12.Qb3 
Qxb3 13.Bxb3 Ng6 1/2-1/2

[Event "HCL-B164"]
[Site "www.playchess.de"]
[Date "2001.02.17"]
[Round "35"]
[White "Bill"]
[Black "MP"]
[WhiteElo "1038"]
[BlackElo "1566"]
[PlyCount "33"]
[Result "1-0"]

1.e4 c5 2.Nf3 d6 3.d4 cxd4 4.Nxd4 e5 5.Bb5+ Bd7 
6.Bxd7+ Nxd7 7.Nf5 Nc5 8.Nc3 g6 9.Ng3 Bg7 10.O-O 
Nf6 11.Qe2 {I'll be away from Feb 19 - 23}  O-O 
12.Rd1 Qe7 13.Bg5 a6 14.Nd5 Qd8 15.Qd2 h6 16.Nxf6+ 
Bxf6 17.Bxh6 1-0

[Event "HCL-C185"]
[Site "www.playchess.de"]
[Date "2001.02.17"]
[Round "18"]
[White "foxzy"]
[Black "wael"]
[WhiteElo "1000"]
[BlackElo "1000"]
[PlyCount "46"]
[Result "0-1"]

1.d4 d5 {hi}  2.Nc3 Nf6 3.Nf3 Bf5 4.Bg5 e6 5.e3 
Be7 6.Ne5 h6 7.Bh4 Nbd7 8.Bb5 c6 9.Ba4 Nxe5 
10.dxe5 Ng4 11.Bg3 Bh4 12.Bxh4 Qxh4 13.g3 Qh3 
14.Qd4 Qg2 15.e4 Qxh1+ 16.Ke2 Qxa1 17.exf5 Nxh2 
18.fxe6 Qf1+ 19.Ke3 Qe1+ 20.Kf4 fxe6 21.g4 O-O+ 
22.Kg3 Qg1+ 23.Kh4 Nf3+ 0-1

[Event "HCL-A013"]
[Site "www.playchess.de"]
[Date "2001.02.17"]
[Round "1"]
[White "senna"]
[Black "Frassoni"]
[WhiteElo "1900"]
[BlackElo "1600"]
[PlyCount "30"]
[Result "0-1"]

1.e4 c5 2.Nf3 d6 3.d4 cxd4 4.Nxd4 Nf6 5.Nc3 Bd7 
6.Be2 Nc6 7.Be3 g6 8.f3 Bg7 9.Qd2 O-O 10.O-O-O Rc8 
11.Kb1 a6 12.g4 b5 13.h4 b4 14.Na4 Nxd4 15.Bxd4 
Bxa4 0-1

[Event "HCL-A013"]
[Site "www.playchess.de"]
[Date "2001.02.17"]
[Round "2"]
[White "Kleofas"]
[Black "senna"]
[WhiteElo "1904"]
[BlackElo "1900"]
[PlyCount "48"]
[Result "0-1"]

1.e4 c5 2.Nf3 Nc6 3.d4 cxd4 4.Nxd4 e5 5.Nb5 d6 
6.N1c3 a6 7.Na3 b5 8.Nd5 Nge7 9.Bg5 h6 10.Be3 Nxd5 
11.Qxd5 Qc7 12.f3 Be6 13.Qd2 Be7 14.c3 Rd8 15.Be2 
d5 16.exd5 Bxd5 17.Qc1 O-O 18.O-O Na5 19.Qe1 Bxa3 
20.bxa3 Nc4 21.Bc1 Qa5 22.Qg3 Rd6 23.f4 Rg6 24.Qd3 
Qb6+ 0-1

[Event "HCL-A013"]
[Site "www.playchess.de"]
[Date "2001.02.17"]
[Round "4"]
[White "senna"]
[Black "SSC"]
[WhiteElo "1900"]
[BlackElo "2186"]
[PlyCount "67"]
[Result "1-0"]

1.e4 d6 2.d4 Nf6 3.Nc3 Nbd7 4.Be3 e5 5.Bc4 Be7 
6.f4 O-O 7.h3 exf4 8.Bxf4 Nb6 9.Bd3 c5 10.dxc5 
dxc5 11.Qe2 Be6 12.O-O-O Qc8 13.Qe3 c4 14.Be2 Bc5 
15.Qg3 Rd8 16.Rxd8+ Qxd8 17.Bf3 a6 18.Nge2 Qf8 
19.Rf1 Kh8 20.Kb1 Rc8 21.Bg5 Ne8 22.e5 h6 23.Qh4 
Kg8 24.Bc1 Rb8 25.g4 Nd7 26.g5 Be7 27.Nd4 Nc7 
28.Bh5 Bxg5 29.Bxg5 hxg5 30.Qxg5 f6 31.exf6 Nxf6 
32.Nxe6 Nxe6 33.Qe5 Nc5 34.Nd5 1-0

[Event "HCL-A013"]
[Site "www.playchess.de"]
[Date "2001.02.17"]
[Round "5"]
[White "SSC"]
[Black "Frassoni"]
[WhiteElo "2186"]
[BlackElo "1600"]
[PlyCount "62"]
[Result "0-1"]

1.e4 c6 2.d4 d5 3.Nd2 dxe4 4.Nxe4 Bf5 5.Ng3 Bg6 
6.Nf3 e6 7.Ne5 Nd7 8.Nxg6 hxg6 9.Be2 Ngf6 10.O-O 
Bd6 11.Bf3 Qc7 12.Re1 O-O-O 13.c4 Rh7 14.Be3 Rdh8 
15.h3 Bxg3 16.fxg3 Qxg3 17.Bf2 Qc7 18.b4 g5 19.Rc1 
Qf4 20.g3 Qf5 21.Bg2 R7xh3 22.Bxh3 Rxh3 23.Qe2 Ng4 
24.Rc2 Ndf6 25.Rb2 Qh7 26.Qf3 Nxf2 27.Rxf2 g4 
28.Qg2 Qd3 29.Rd2 Qc3 30.Qf2 Rxg3+ 31.Kh1 
Rf3 0-1

[Event "HCL-A013"]
[Site "www.playchess.de"]
[Date "2001.02.17"]
[Round "6"]
[White "Kleofas"]
[Black "SSC"]
[WhiteElo "1904"]
[BlackElo "2186"]
[PlyCount "30"]
[Result "0-1"]

1.d4 Nf6 2.c4 e6 3.Nc3 Bb4 4.e3 b6 5.Bd3 Bb7 6.Nf3 
Bxc3+ 7.bxc3 c5 8.O-O O-O 9.a4 d6 10.Re1 Ne4 
11.Qc2 f5 12.Nd2 Nxd2 13.Bxd2 Qh4 14.e4 fxe4 
15.Rxe4 Qxf2+ 0-1

[Event "HCL-A013"]
[Site "www.playchess.de"]
[Date "2001.02.17"]
[Round "12"]
[White "mariuszk"]
[Black "Frassoni"]
[WhiteElo "1700"]
[BlackElo "1600"]
[PlyCount "99"]
[Result "1-0"]

1.e4 e5 2.Nf3 Nc6 3.Bb5 a6 4.Bxc6 dxc6 5.O-O Bg4 
6.h3 Bh5 7.g4 Bg6 8.Nxe5 Bd6 9.Nxg6 hxg6 10.Qf3 
Qh4 11.Kg2 Nf6 12.d3 O-O-O 13.Nc3 Nd7 14.d4 c5 
15.e5 Be7 16.Be3 cxd4 17.Bxd4 c5 18.e6 fxe6 19.Be3 
Ne5 20.Qg3 Nc4 21.Qxh4 Rxh4 22.Bc1 Rdh8 23.Rh1 Bf6 
24.Ne4 b6 25.Rb1 Kc7 26.b3 Nd6 27.Ng5 e5 28.Be3 
Kc6 29.Rbd1 b5 30.f3 Bxg5 31.Bxg5 R4h7 32.Rde1 Nf7 
33.Bc1 g5 34.Re2 Re8 35.Bb2 Rh6 36.Rhe1 Rhe6 
37.Kg3 a5 38.Bc3 b4 39.Bb2 a4 40.bxa4 Ra8 41.a3 
bxa3 42.Bxa3 Rxa4 43.Bb2 Kd5 44.Rd1+ Kc6 45.Rd3 
Ra2 46.Ba3 Rd6 47.Rc3 Rd5 48.Bc1 Rd8 49.Rb3 Ra3 
50.Rxa3 1-0

[Event "HCL-A013"]
[Site "www.playchess.de"]
[Date "2001.02.17"]
[Round "13"]
[White "Kleofas"]
[Black "mariuszk"]
[WhiteElo "1904"]
[BlackElo "1700"]
[PlyCount "50"]
[Result "0-1"]

1.e4 Nf6 2.e5 Nd5 3.d4 d6 4.Nf3 Bg4 5.Be2 c6 6.O-O 
Bxf3 7.Bxf3 dxe5 8.dxe5 e6 9.c4 Ne7 10.Qc2 Ng6 
11.Re1 Nd7 12.Be4 Ndxe5 13.f4 Bc5+ 14.Kh1 Ng4 
15.g3 Nf2+ 16.Kg2 Nxe4 17.Qxe4 O-O 18.Nc3 Qf6 
19.Be3 Bxe3 20.Qxe3 Rfd8 21.Rad1 Rxd1 22.Rxd1 e5 
23.Ne4 Qf5 24.Nd6 Qg4 25.Rf1 exf4 0-1

[Event "HCL-A013"]
[Site "www.playchess.de"]
[Date "2001.02.17"]
[Round "14"]
[White "mariuszk"]
[Black "SSC"]
[WhiteElo "1700"]
[BlackElo "2186"]
[PlyCount "56"]
[Result "0-1"]

1.e4 c5 2.Nc3 d6 3.g3 Nf6 4.Bg2 Nc6 5.d3 e5 6.f4 
Be7 7.Be3 O-O 8.h3 a6 9.a4 Bd7 10.Nf3 Nh5 11.Nxe5 
Nxf4 12.Bxf4 dxe5 13.Bd2 Nb4 14.O-O Be6 15.Kh2 Qd7 
16.a5 c4 17.Na4 Rad8 18.Bxb4 Bxb4 19.dxc4 Bxc4 
20.Qxd7 Rxd7 21.Nb6 Rc7 22.Nxc4 Rxc4 23.Ra4 Rd4 
24.Rf5 f6 25.Bf1 Rc8 26.Bd3 Rc5 27.b3 Rxa5 28.Bc4+ 
Rxc4 0-1

[Event "HCL-A013"]
[Site "www.playchess.de"]
[Date "2001.02.17"]
[Round "16"]
[White "DieHard"]
[Black "senna"]
[WhiteElo "1800"]
[BlackElo "1900"]
[PlyCount "65"]
[Result "1/2-1/2"]

1.e4 c5 2.Nf3 Nc6 3.d4 cxd4 4.Nxd4 e5 5.Nb5 d6 
6.Be3 Nf6 7.Bg5 Be7 8.Bxf6 gxf6 9.Nd2 f5 10.Nc4 
fxe4 11.Nbxd6+ Bxd6 12.Nxd6+ Ke7 13.Nxe4 Bf5 
14.Bd3 Nb4 15.Qd2 Nxd3+ 16.cxd3 Bxe4 17.dxe4 Qxd2+ 
18.Kxd2 Rhd8+ 19.Ke2 Rd4 20.f3 Rg8 21.g3 Rgd8 
22.Rhd1 Ke6 23.Rxd4 Rxd4 24.Rd1 Ra4 25.a3 Rc4 
26.Rd2 Rc1 27.Ke3 Re1+ 28.Re2 Rc1 29.f4 exf4+ 
30.gxf4 a5 31.f5+ Ke5 32.Kf3 Rf1+ 
33.Ke3 1/2-1/2

[Event "HCL-A013"]
[Site "www.playchess.de"]
[Date "2001.02.17"]
[Round "17"]
[White "Frassoni"]
[Black "DieHard"]
[WhiteElo "1600"]
[BlackElo "1800"]
[PlyCount "101"]
[Result "1/2-1/2"]

1.d4 Nf6 2.c4 g6 3.Nc3 d5 4.cxd5 Nxd5 5.Nxd5 Qxd5 
6.Nf3 Bg7 7.Bf4 O-O 8.Bxc7 Nc6 9.e3 Bf5 10.Qd2 
Rac8 11.Bg3 Rfd8 12.b3 e5 13.Bc4 Qe4 14.Bxf7+ Kf8 
15.Bc4 exd4 16.Rd1 b5 17.Bd3 dxe3 18.Bxe4 exd2+ 
19.Nxd2 Rxd2 20.Rxd2 Bxe4 21.O-O Bf5 22.Rfd1 Nd4 
23.f3 Rc2 24.R2xd4 Bxd4+ 25.Rxd4 Rxa2 26.b4 Ra1+ 
27.Kf2 Ra2+ 28.Kf1 Ra1+ 29.Be1 Ra2 30.Rd2 Rxd2 
31.Bxd2 h5 32.Ke2 Ke7 33.Ke3 Ke6 34.Kd4 a6 35.Bf4 
Bb1 36.h4 Bf5 37.Be5 Bb1 38.g4 hxg4 39.fxg4 Bc2 
40.h5 gxh5 41.gxh5 Bf5 42.h6 Kf7 43.Kd5 Kg8 44.Kc6 
Kh7 45.Bf4 Bd3 46.Kb7 a5 47.bxa5 b4 48.a6 b3 
49.Bc1 Bxa6+ 50.Kxa6 b2 51.Bxb2 1/2-1/2

[Event "HCL-A013"]
[Site "www.playchess.de"]
[Date "2001.02.17"]
[Round "19"]
[White "SSC"]
[Black "DieHard"]
[WhiteElo "2186"]
[BlackElo "1800"]
[PlyCount "71"]
[Result "1-0"]

1.e4 c5 2.Nf3 d6 3.d4 cxd4 4.Nxd4 Nf6 5.Nc3 g6 
6.Be3 Bg7 7.f3 O-O 8.Qd2 Nc6 9.Bc4 Bd7 10.Nxc6 
bxc6 11.O-O Qa5 12.Rfd1 Rfd8 13.a3 Be8 14.b4 Qc7 
15.Bh6 Bh8 16.Rab1 Nd7 17.Kh1 Nb6 18.Ba2 d5 19.Bf4 
Qc8 20.e5 c5 21.b5 d4 22.Ne4 Nd5 23.Nd6 Rxd6 
24.exd6 Nc3 25.Bc4 e5 26.Bg5 Bd7 27.Rde1 Nxb1 
28.Rxb1 Be6 29.Qe2 Rb8 30.Be7 Bg7 31.Re1 f5 32.a4 
Kf7 33.c3 Qd7 34.Qa2 Rc8 35.Bxe6+ Qxe6 
36.d7 1-0

[Event "HCL-A013"]
[Site "www.playchess.de"]
[Date "2001.02.17"]
[Round "29"]
[White "Hunted"]
[Black "senna"]
[WhiteElo "1900"]
[BlackElo "1900"]
[PlyCount "32"]
[Result "0-1"]

1.e4 c5 2.Nf3 Nc6 3.d4 cxd4 4.Nxd4 e5 5.Nb5 d6 
6.N1c3 a6 7.Na3 b5 8.Nd5 Nge7 9.c4 Nd4 10.cxb5 
Nxd5 11.exd5 Bd7 12.bxa6 Qa5+ 13.Bd2 Qxd5 14.Be3 
Qe4 15.Qd3 d5 16.Qxe4 dxe4 0-1

[Event "HCL-A013"]
[Site "www.playchess.de"]
[Date "2001.02.17"]
[Round "30"]
[White "Frassoni"]
[Black "Hunted"]
[WhiteElo "1600"]
[BlackElo "1900"]
[PlyCount "59"]
[Result "1-0"]

1.d4 Nf6 2.c4 g6 3.Nc3 d5 4.cxd5 Nxd5 5.e4 Nxc3 
6.bxc3 Bg7 7.Be3 c5 8.Rb1 Qa5 9.Qd2 cxd4 10.cxd4 
Qxd2+ 11.Kxd2 Nc6 12.d5 Ne5 13.Bb5+ Kd8 14.Nf3 
Nxf3+ 15.gxf3 e6 16.d6 Be5 17.Bg5+ f6 18.f4 Bd4 
19.Bh4 Rf8 20.Kd3 Bc5 21.e5 a6 22.Ba4 b5 23.Bb3 
Kd7 24.Rhc1 Bb6 25.Bxf6 Rxf6 26.exf6 Kxd6 27.Rc2 
Bb7 28.Re1 Re8 29.f7 Rf8 30.Rxe6+ 1-0

[Event "HCL-A013"]
[Site "www.playchess.de"]
[Date "2001.02.17"]
[Round "31"]
[White "Hunted"]
[Black "Kleofas"]
[WhiteElo "1900"]
[BlackElo "1904"]
[PlyCount "32"]
[Result "0-1"]

1.e4 c5 2.Nf3 d6 3.d4 cxd4 4.Nxd4 Nf6 5.Nc3 a6 
6.Bg5 e6 7.f4 Be7 8.Be2 Qc7 9.O-O O-O 10.Bf3 Nc6 
11.Nde2 Rb8 12.a4 b5 13.axb5 axb5 14.Ng3 Bb7 
15.Kh1 b4 16.Nb5 Qd8 0-1

[Event "HCL-A013"]
[Site "www.playchess.de"]
[Date "2001.02.17"]
[Round "32"]
[White "SSC"]
[Black "Hunted"]
[WhiteElo "2186"]
[BlackElo "1900"]
[PlyCount "51"]
[Result "1-0"]

1.e4 e5 2.Nf3 Nc6 3.Bb5 a6 4.Ba4 Nf6 5.O-O Be7 
6.Re1 b5 7.Bb3 O-O 8.c3 d5 9.exd5 Nxd5 10.Nxe5 
Nxe5 11.Rxe5 c6 12.d4 Bd6 13.Re1 Qh4 14.g3 Qh3 
15.Be3 Bg4 16.Qd3 Rae8 17.Nd2 Re6 18.a4 f5 19.Qf1 
Qh5 20.Bxd5 cxd5 21.axb5 f4 22.Bxf4 Bxf4 23.Rxe6 
Bxe6 24.gxf4 Rxf4 25.Qd3 Bh3 26.Nf1 1-0